000
00482nam a2200169Ia 4500
008
090711s9999 xx 000 0 und d
082
_b
69737
100
_a
देशपांडे
245
_a
सरकार ते सरकार
260
_c
1992
300
_a
224
600
_a
देशपांडे
630
_a
सरकार ते सरकार
700
_a
देशपांडे
730
_a
सरकार ते सरकार
942
_c
BOOK
999
_c
285893
_d
285893